00513nam a2200145 4500001000700000003000900007005001700016007000300033008004100036100003100077245015800108260004600266300002100312852003400333118335ES-MaACL20230906191057.0t|070214s1968 sp r ||||1| spa d1 aPardo Gayoso, Juan Manuel.10aPregón de la Romería de la Stma. Virgen de la Cabeza pronunciado... en...Andujar el día XXI de abril, año MCMLXVIII / cJuan Manuel Pardo Gayoso. aJaen : b[s. n.], c1968 (fGráf. Nova) a44 p. ; c24 cm. aES-MaACLj2065-F-10 bR.66385